Normal view
MARC view
Entry Personal Name
001 - CONTROL NUMBER
- control field: 44524
003 - CONTROL NUMBER IDENTIFIER
- control field: ARRUPE
005 - DATE AND TIME OF LATEST TRANSACTION
- control field: 20190208114442.0
008 - FIXED-LENGTH DATA ELEMENTS
- fixed length control field: 190208|| aca||aabn | a|a d
040 ## - CATALOGING SOURCE
- Original cataloging agency: ARRUPE
- Transcribing agency: ARRUPE
100 ## - HEADING--PERSONAL NAME
- Personal name: Clark, Wilfrid E. Le Gros
- Fuller form of name: (Wilfrid Edward Le Gros),
- Dates associated with a name: 1895-1971.
670 ## - SOURCE DATA FOUND
- Source citation: Work cat.: (ARRUPE)0: Clark, Wilfrid E. Le Gros (Wilfrid Edward Le Gros), 1895-1971., History of the primates;, [1957]